Drying of Solids : (Record no. 12139)
[ view plain ]
| 000 -LEADER | |
|---|---|
| fixed length control field | 00831nam a2200241 a 4500 |
| 001 - CONTROL NUMBER | |
| control field | 1944506 |
| 005 - DATE AND TIME OF LATEST TRANSACTION | |
| control field | 19870218000000.0 |
| 008 - FIXED-LENGTH DATA ELEMENTS--GENERAL INFORMATION | |
| fixed length control field | 861120s1986 nyua b 001 0 eng |
| 010 ## - LIBRARY OF CONGRESS CONTROL NUMBER | |
| LC control number | 86225369 |
| 040 ## - CATALOGING SOURCE | |
| Original cataloging agency | DLC |
| Transcribing agency | DLC |
| Modifying agency | DLC |
| 050 00 - LIBRARY OF CONGRESS CALL NUMBER | |
| Classification number | TP363 |
| Item number | .D794 1986 |
| 082 00 - DEWEY DECIMAL CLASSIFICATION NUMBER | |
| Classification number | 660.28426 |
| Edition number | 22 |
| Item number | DRY |
| 245 00 - TITLE STATEMENT | |
| Title | Drying of Solids : |
| Remainder of title | Recent International Developments / |
| Statement of responsibility, etc | editor, Arun S. Mujumdar. |
| 260 ## - PUBLICATION, DISTRIBUTION, ETC. (IMPRINT) | |
| Place of publication, distribution, etc | New York : |
| Name of publisher, distributor, etc | J. Wiley, |
| Date of publication, distribution, etc | c1986. |
| 300 ## - PHYSICAL DESCRIPTION | |
| Extent | xi, 342 p. : |
| Other physical details | ill. ; |
| Dimensions | 29 cm. |
| 500 ## - GENERAL NOTE | |
| General note | "A Halsted Press book." |
| 504 ## - BIBLIOGRAPHY, ETC. NOTE | |
| Bibliography, etc | Includes indexes |
| 650 #0 - SUBJECT ADDED ENTRY--TOPICAL TERM | |
| Topical term or geographic name as entry element | Drying |
| 9 (RLIN) | 7316 |
| 650 #0 - SUBJECT ADDED ENTRY--TOPICAL TERM | |
| Topical term or geographic name as entry element | Drying apparatus. |
| 9 (RLIN) | 7317 |
| 700 1# - ADDED ENTRY--PERSONAL NAME | |
| Personal name | Mujumdar, A. S. |
| 9 (RLIN) | 7318 |
| 942 ## - ADDED ENTRY ELEMENTS (KOHA) | |
| Source of classification or shelving scheme | Dewey Decimal Classification |
| Item type | Book - Borrowing |
| Withdrawn status | Item status | Source of classification or shelving scheme | Damaged status | Not for loan | Vendor | Home library | Current library | Shelving location | Date acquired | Source of acquisition | Cost, normal purchase price | Total Checkouts | Full call number | Barcode | Date last seen | Koha item type |
|---|---|---|---|---|---|---|---|---|---|---|---|---|---|---|---|---|
| Dewey Decimal Classification | Alef-Baa | Central Library | Central Library | First floor | 30/06/2009 | 150.00 | 660.28426 DRY | 000017195 | 15/07/2025 | Book - Borrowing |